| 000 | 01012nas a2200373 4500 | ||
|---|---|---|---|
| 001 | BR9209585 | ||
| 003 | BR-BrBNA | ||
| 005 | 20231205093310.0 | ||
| 007 | ta | ||
| 008 | 230509b bl.|||p| |||| 00| 00por d | ||
| 040 |
_aBR-BrBNA _bpor _cBiblioteca Nacional de Agricultura |
||
| 041 | _a(Pt) | ||
| 072 | _aH10 | ||
| 100 | 1 | _aSantos, B.B. dos | |
| 245 | 1 | _aArtropodos associados as plantas cultivadas no Estado do Parana; 1. algodoeiro | |
| 650 | _aALGODAO | ||
| 650 | _aBICUDO | ||
| 650 | _aBROCA DA RAIZ | ||
| 650 | _aBESOURO AMARELO | ||
| 650 | _aCARUNCHO | ||
| 650 | _aCURUQUERE | ||
| 650 | _aLAGARTA | ||
| 650 | _aPERCEVEJO | ||
| 650 | _aPULGAO VERDE | ||
| 650 | _aPULGAO | ||
| 650 | _aTRIPS | ||
| 650 | _aSAUVA | ||
| 650 | _aACARO RAJADO | ||
| 650 | _aACARO BRANCO | ||
| 650 | _aPARANÁ | ||
| 773 | 0 |
_tRevista do Setor de Ciencias Agrarias (Brazil) _xISSN 0100-607X _g(1988), v. 10(1-2) p. 23-25 _wBR9209585 |
|
| 909 |
_a202311 _bLúcia _c55 _dLúcia Elande |
||
| 942 |
_2AGRIS _n0 _cANA |
||
| 999 |
_c137377 _d137377 |
||